Shooting digital : Pro tips for taking great pictures with your digital camera

সংরক্ষণ করুন:
গ্রন্থ-পঞ্জীর বিবরন
প্রধান লেখক:  Aaland, Mikkel
বিন্যাস: Sách
ভাষা:Undetermined
প্রকাশিত:  Wiley  2007
বিষয়গুলি:
ট্যাগগুলো: ট্যাগ যুক্ত করুন
কোনো ট্যাগ নেই, প্রথমজন হিসাবে ট্যাগ করুন!
Thư viện lưu trữ: Trung tâm Thư viện - Trường Đại học Công nghiệp TP. Hồ Chí Minh
LEADER 00504nam a2200157Ia 4500
001 UIH_07280
008 231011s9999 xx 000 0 und d
082 |a  770 
100 |a  Aaland, Mikkel 
245 0 |a  Shooting digital : Pro tips for taking great pictures with your digital camera 
245 0 |c  Aaland, Mikkel 
260 |b  Wiley 
260 |c  2007 
650 |a  Nhiếp ảnh;  
927 |a Sách 
980 |a Trung tâm Thư viện - Trường Đại học Công nghiệp TP. Hồ Chí Minh